[Event "AUTO-ELITE-2624"]
[Site "http://www.queenalice.com/game.php?id=1874116"]
[Date "2026.5.29"]
[Round "1"]
[White "JUNIOR2"]
[Black "raulzampronha"]
[Result "1-0"]
[WhiteElo "2472"]
[BlackElo "2221"]

1. e4 c5 2. Nf3 e6 3. d4 cxd4 4. Nxd4 Nf6 5. Nc3 d6 6. g4 h6 7. Be3 Nc6 8. Rg1
Bd7 9. Be2 Nxd4 10. Qxd4 Bc6 11. O-O-O Qa5 12. h4 b5 13. g5 hxg5 14. hxg5 Nd7
15. g6 f6 16. Kb1 b4 17. Qc4 bxc3 18. Qxc6 Rb8 19. b3 Rh3 20. Bg4 Rxe3 21. Bxe6
Rd8 22. Bf7+ 1-0

[Event "AUTO-ELITE-2624"]
[Site "http://www.queenalice.com/game.php?id=1874121"]
[Date "2026.5.29"]
[Round "1"]
[White "trompmaster"]
[Black "JUNIOR2"]
[Result "0-1"]
[WhiteElo "2453"]
[BlackElo "2460"]

1. Nf3 d5 2. c4 d4 3. g3 Nc6 4. Bg2 e5 5. d3 a5 6. e3 Bb4+ 7. Kf1 Bf5 8. exd4
Nxd4 9. Nxe5 f6 10. g4 Be6 11. Nf3 Bxg4 12. a3 Bc5 13. Nc3 Ne7 14. h3 Bh5 15.
Ne4 Ne6 16. Nxc5 Nxc5 17. Be3 Qxd3+ 18. Qxd3 Nxd3 19. Nd4 O-O-O 20. b4 Bf7 21.
c5 f5 22. Ne2 Bc4 23. h4 f4 24. Bd4 Rhf8 25. Bh3+ Kb8 26. Bxg7 Rf7 27. Bc3 f3
28. Ng3 Nf4+ 29. Kg1 Ne2+ 30. Nxe2 fxe2 31. Bg2 Ng6 32. bxa5 Rd3 33. Bb2 Nf4 34.
Re1 Nxg2 35. Rxe2 Nf4 36. Re1 Rd2 37. Re8+ Ka7 38. Bc3 Rd3 39. Re3 Rxe3 40. fxe3
Ne2+ 0-1

[Event "AUTO-ELITE-2624"]
[Site "http://www.queenalice.com/game.php?id=1874122"]
[Date "2026.5.29"]
[Round "1"]
[White "JUNIOR2"]
[Black "trompmaster"]
[Result "1-0"]
[WhiteElo "2451"]
[BlackElo "2472"]

1. e4 d5 2. exd5 Nf6 3. d4 Bg4 4. Bb5+ Nbd7 5. Be2 Bxe2 6. Qxe2 Nxd5 7. c4 N5f6
8. Nf3 g6 9. Bf4 Bg7 10. Nc3 O-O 11. Rd1 c5 12. d5 Ne8 13. O-O Bxc3 14. bxc3 Nd6
15. Rfe1 Re8 16. h4 Qa5 17. h5 Qa4 18. Ng5 Nxc4 19. Nxf7 Nb2 20. Bg5 Nxd1 21.
Qe6 Qc2 22. Nd8+ Kh8 23. Nf7+ Kg8 24. Nd6+ Kh8 25. Nxe8 Rxe8 26. Qxd7 Qxf2+ 27.
Kh2 Qf8 28. Rf1 Qg8 29. Bxe7 Rxe7 30. Qxe7 Qb8+ 31. Kh1 Nf2+ 32. Rxf2 Kg8 33. h6
1-0